|
|
|
|
| LEADER |
01562nam a2200373 a 4500 |
| 001 |
000062546 |
| 003 |
CZ BrMZK |
| 005 |
20240806103934.0 |
| 008 |
010907s1995 xr f f 0 cze d |
| 015 |
|
|
|a cnb000137196
|
| 020 |
|
|
|a 80-86153-70-3
|q (Ústav zemědělských a potravinářských informací ;
|q v knize neuvedeno ;
|q brož.) :
|c Kč 30,00
|
| 040 |
|
|
|a BOA001
|b cze
|
| 072 |
|
7 |
|a 633
|x Rostlinná výroba
|2 Konspekt
|9 24
|
| 080 |
|
|
|a 633.63
|2 MRF
|
| 080 |
|
|
|a 633.15
|2 MRF
|
| 080 |
|
|
|a 631.44
|2 MRF
|
| 080 |
|
|
|a 631.6.02
|2 MRF
|
| 080 |
|
|
|a (072)
|2 MRF
|
| 100 |
1 |
|
|a Hůla, Josef
|7 jn20001103485
|4 aut
|
| 245 |
1 |
0 |
|a Technika v postupech ochranného zpracování půdy k širokořádkovým plodinám :
|b (metodika) /
|c Josef Hůla, Ludmila Zelená.
|
| 260 |
|
|
|a Praha :
|b Ústav zemědělských a potravinářských informací,
|c 1995
|
| 300 |
|
|
|a 28 s. :
|b il. ;
|c 21 cm
|
| 490 |
1 |
|
|a Metodiky pro zavádění výsledků výzkumu do zemědělské praxe ;
|v 15/1995
|
| 500 |
|
|
|a Bibliogr. - Anot. též angl. - Vyd. Min. zeměd. ČR
|
| 650 |
0 |
7 |
|a řepa cukrová
|7 ph116894
|2 czenas
|
| 650 |
0 |
7 |
|a kukuřice
|7 ph115030
|2 czenas
|
| 650 |
0 |
7 |
|a zemědělská půda
|7 ph116760
|2 czenas
|
| 650 |
0 |
7 |
|a ochrana půdy
|7 ph135506
|2 czenas
|
| 655 |
|
7 |
|a metodické příručky
|7 fd132826
|2 czenas
|
| 700 |
1 |
|
|a Zelená, Ludmila
|4 aut
|
| 830 |
|
0 |
|a Metodiky pro zavádění výsledků výzkumu do zemědělské praxe
|
| 910 |
|
|
|a BOA001
|b X-1017.899
|
| 990 |
|
|
|a BK
|
| 996 |
7 |
|
|b 2610033283
|c X-1017.899
|l MZK
|r Sklad / do 24 hodin
|n 5
|p p.v.
|w 000062546
|u 000010
|a 1
|e BOA001
|j MZK50
|s A
|